[Event "Online Olym Div3 B"]
[Site "Chess.com INT"]
[Date "2021.08.27"]
[Round "2.5"]
[White "Njoroge, Martin"]
[Black "Calicoca, Wilton Inacio"]
[Result "1-0"]
[WhiteElo "1958"]
[BlackElo "2119"]
[PlyCount "103"]
[EventDate "2021.08.27"]
[EventType "team-tourn (rapid)"]
[EventRounds "9"]
[EventCountry "USA"]
[SourceTitle "CBM 204 Extra"]
[Source "ChessBase"]
[SourceDate "2021.11.30"]
[SourceVersion "1"]
[SourceVersionDate "2021.11.30"]
[SourceQuality "1"]
[WhiteTeam "Kenya"]
[BlackTeam "Mozambique"]
[WhiteTeamCountry "KEN"]
[BlackTeamCountry "MOZ"]

1. e4 c5 2. Nf3 Nc6 3. d4 cxd4 4. Nxd4 d6 5. Nc3 e6 6. Be3 Be7 7. g4 a6 8. Rg1 Nf6 9. g5 Nd7 10. h4 Qc7 11. Bd3 Na5 12. Qe2 Ne5 13. f4 Nec4 14. 0-0-0 Nxe3 15. Qxe3 b5 16. f5 b4 17. Nd5 exd5 18. exd5 0-0 19. f6 Re8 20. Qe4 g6 21. h5 Qd7 22. Rde1 Qh3 23. hxg6 hxg6 24. Rh1 Qg4 25. Qxg4 Bxg4 26. Rh4 Bxf6 27. Rxe8+ Rxe8 28. gxf6 Bh5 29. Nc6 Nxc6 30. dxc6 Rc8 31. Be4 Rc7 32. Bd5 a5 33. Re4 Kf8 34. a3 bxa3 35. bxa3 g5 36. Re1 Bg4 37. Rh1 Kg8 38. Rg1 Be6 39. Rxg5+ Kh7 40. Bxe6 fxe6 41. Rg7+ Rxg7 42. fxg7 Kxg7 43. c7 Kf6 44. c8Q d5 45. Qa8 d4 46. Qxa5 e5 47. Qe1 Kf5 48. Qf1+ Ke4 49. a4 Kd5 50. Qb5+ Ke6 51. a5 e4 52. a6 1-0

[Event "Africa-ch"]
[Site "Lilongwe"]
[Date "2021.05.26"]
[Round "8"]
[White "Calicoca, Wilton Inacio"]
[Black "Ajibola, Olanrewaju"]
[Result "0-1"]
[WhiteElo "2122"]
[BlackElo "2337"]
[PlyCount "114"]
[EventDate "2021.05.18"]
[EventType "swiss"]
[EventRounds "9"]
[EventCountry "MWI"]
[SourceTitle "EXT 2022"]
[Source "ChessBase"]
[SourceDate "2021.10.06"]
[SourceVersion "1"]
[SourceVersionDate "2021.10.06"]
[SourceQuality "1"]

1. e4 d5 2. exd5 Qxd5 3. Nc3 Qa5 4. d4 c6 5. Bc4 Nf6 6. Nf3 Bf5 7. Qe2 e6 8. Bb3 Ne4 9. 0-0 Nxc3 10. bxc3 Be7 11. Bd2 Nd7 12. c4 Qc7 13. d5 0-0 14. Nd4 Bc5 15. Nxf5 exf5 16. Rae1 Bd6 17. h3 Nf6 18. Be3 c5 19. Qf3 Qd7 20. Bc1 Rfe8 21. c3 Rxe1 22. Rxe1 Re8 23. Rd1 Qe7 24. Bf4 Ne4 25. Ba4 Rd8 26. Re1 Qf6 27. Bxd6 Nxd6 28. Qe3 g6 29. Qe7 Kg7 30. Re6 Qxe7 31. Rxe7 a6 32. Rc7 b5 33. Bc2 Rc8 34. Ra7 Nxc4 35. Rxa6 Rd8 36. Rc6 Na3 37. Rxc5 Nxc2 38. Rxb5 Rc8 39. Rb3 Kf6 40. a4 Ke5 41. Rb7 Kxd5 42. Rxf7 h5 43. Rf6 Rc6 44. Rxc6 Kxc6 45. Kh2 Ne1 46. Kg3 g5 47. f4 h4+ 48. Kf2 Nd3+ 49. Kf3 Nxf4 50. g3 hxg3 51. Kxg3 Ne2+ 52. Kg2 Nxc3 53. a5 Ne4 54. h4 gxh4 55. Kh3 f4 56. Kg4 h3 57. Kxh3 f3 0-1

[Event "African Online op"]
[Site "Tornelo INT"]
[Date "2021.02.05"]
[Round "8"]
[White "Strovsky, Mikhail"]
[Black "Calicoca, Wilton Inacio"]
[Result "0-1"]
[WhiteElo "2164"]
[BlackElo "2122"]
[PlyCount "72"]
[EventDate "2021.02.01"]
[EventType "swiss (rapid)"]
[EventRounds "9"]
[EventCountry "NET"]
[SourceTitle "CBM 200 Extra"]
[Source "ChessBase"]
[SourceDate "2021.03.31"]
[SourceVersion "1"]
[SourceVersionDate "2021.03.31"]
[SourceQuality "1"]

1. e4 c5 2. Nf3 d6 3. Bb5+ Bd7 4. Bxd7+ Nxd7 5. 0-0 Ngf6 6. d3 e6 7. Bg5 Be7 8. Re1 Qc7 9. Nbd2 h6 10. Be3 Ng4 11. Qe2 0-0-0 12. h3 Nge5 13. Nxe5 dxe5 14. Nc4 f5 15. a4 g5 16. exf5 exf5 17. f4 Bf6 18. fxe5 Nxe5 19. Qf2 f4 20. Kh1 Nxc4 21. dxc4 Bxb2 22. Rab1 Bc3 23. Bxc5 Bxe1 24. Rxe1 b6 25. Qf3 Kb8 26. Bb4 Rhe8 27. Rxe8 Rxe8 28. c5 bxc5 29. Bd2 c4 30. Qd5 Qb7 31. Qd6+ Ka8 32. Bb4 f3 33. Kg1 fxg2 34. Bc5 Re1+ 35. Kh2 Rh1+ 36. Kg3 g1Q+ 0-1

[Event "Olympiad-43"]
[Site "Batumi"]
[Date "2018.10.02"]
[Round "8.2"]
[White "Masrahi, Abdulrahman A"]
[Black "Calicoca, Wilton Inacio"]
[Result "0-1"]
[WhiteElo "1879"]
[BlackElo "2135"]
[PlyCount "96"]
[EventDate "2018.09.24"]
[EventType "team-swiss"]
[EventRounds "11"]
[EventCountry "GEO"]
[SourceTitle "CBM 187"]
[Source "ChessBase"]
[SourceDate "2018.12.11"]
[SourceVersion "1"]
[SourceVersionDate "2018.12.11"]
[SourceQuality "1"]
[WhiteTeam "Saudi Arabia"]
[BlackTeam "Mozambique"]
[WhiteTeamCountry "SAU"]
[BlackTeamCountry "MOZ"]

1. d4 Nf6 2. Nf3 d5 3. Bf4 c6 4. e3 Bf5 5. c4 Bxb1 6. Qxb1 e6 7. Bd3 Bb4+ 8. Ke2 Bd6 9. Bg3 dxc4 10. Bxc4 0-0 11. Qc2 Re8 12. Rac1 Be7 13. Qb3 Qc8 14. Ne5 Nh5 15. f4 Bd6 16. f5 b5 17. fxe6 fxe6 18. Bxb5 Nxg3+ 19. hxg3 Bxe5 20. dxe5 Qc7 21. Qc2 g6 22. Qe4 Qb6 23. Bd3 Qxb2+ 24. Rc2 Qb7 25. Qg4 Qg7 26. Qd4 Nd7 27. Rxc6 Nxe5 28. Rc5 Nxd3 29. Qxg7+ Kxg7 30. Rc7+ Kf6 31. Kxd3 h5 32. Ke4 Rec8 33. Rhc1 Rxc7 34. Rxc7 a5 35. Rc5 a4 36. a3 Ra7 37. Kf4 Rb7 38. Rc4 Ra7 39. Rc5 Rb7 40. Rc4 g5+ 41. Ke4 Rb2 42. Rxa4 Rxg2 43. Kf3 Ra2 44. Ra5 Rc2 45. Rb5 Rc4 46. Kf2 e5 47. Rb4 Rxb4 48. axb4 e4 0-1

[Event "MOZ-ch"]
[Site "Maputo"]
[Date "2018.01.08"]
[Round "5"]
[White "Paiva, Donaldo"]
[Black "Calicoca, Wilton Inacio"]
[Result "1-0"]
[WhiteElo "2155"]
[BlackElo "2156"]
[PlyCount "77"]
[EventDate "2018.01.06"]
[EventType "tourn"]
[EventRounds "7"]
[EventCountry "MOZ"]
[SourceTitle "EXT 2024"]
[Source "ChessBase"]
[SourceDate "2023.10.10"]
[SourceVersion "1"]
[SourceVersionDate "2023.10.10"]
[SourceQuality "1"]

1. Nf3 Nf6 2. c4 c5 3. Nc3 b6 4. g3 Bb7 5. Bg2 e6 6. 0-0 Be7 7. d4 Na6 8. d5 exd5 9. cxd5 d6 10. Nh4 Qd7 11. e4 0-0-0 12. a4 g6 13. Qb3 Ne8 14. Nf3 Nec7 15. Rd1 f6 16. Nb5 Kb8 17. Bf1 Nb4 18. Nxc7 Qxc7 19. Nd4 cxd4 20. Qxb4 Qc5 21. Qxd4 Rc8 22. Be3 Qxd4 23. Bxd4 Bd8 24. Rac1 Re8 25. f3 a6 26. Rxc8+ Bxc8 27. Rc1 Bb7 28. Bh3 f5 29. exf5 Bxd5 30. fxg6 hxg6 31. Rc8+ Kb7 32. Bf6 Bxf6 33. Rxe8 Bxb2 34. Bc8+ Kc6 35. Bxa6 Bxf3 36. Kf2 Bd1 37. Bb5+ Kc5 38. Rg8 Bd4+ 39. Ke1 1-0

[Event "Titled Tuesday intern op 7th March"]
[Site "Chess.com INT"]
[Date "2017.03.07"]
[Round "3"]
[White "Calicoca, Wilton Inacio"]
[Black "Abdi, Farzad"]
[Result "1-0"]
[WhiteElo "2165"]
[BlackElo "2087"]
[PlyCount "67"]
[EventDate "2017.03.07"]
[EventType "swiss (blitz)"]
[EventRounds "11"]
[EventCountry "USA"]
[SourceTitle "EXT 2021"]
[Source "ChessBase"]
[SourceDate "2020.10.23"]
[SourceVersion "1"]
[SourceVersionDate "2020.10.23"]
[SourceQuality "1"]

1. e4 e5 2. Nf3 Nc6 3. Bc4 Bc5 4. c3 Nf6 5. d4 exd4 6. 0-0 Nxe4 7. cxd4 Be7 8. d5 Nb8 9. Re1 Nd6 10. Bd3 0-0 11. Nc3 b6 12. Bf4 Bb7 13. Bc2 Na6 14. Qd3 g6 15. a3 Nc5 16. Qd2 Nc4 17. Qe2 Nxb2 18. Qxe7 Nbd3 19. Bxd3 Nxd3 20. Qxd8 Raxd8 21. Re4 Rde8 22. Rxe8 Rxe8 23. Bxc7 Rc8 24. d6 Bxf3 25. gxf3 Ne5 26. Nd5 Kg7 27. Kg2 Nc4 28. Re1 Nxa3 29. Re7 b5 30. Rxd7 b4 31. Nxb4 Nb5 32. Nd5 a6 33. Re7 Nd4 34. d7 1-0

[Event "Titled Tuesday intern op 7th March"]
[Site "Chess.com INT"]
[Date "2017.03.07"]
[Round "9"]
[White "Thorfinnsson, Bjorn"]
[Black "Calicoca, Wilton Inacio"]
[Result "1-0"]
[WhiteElo "2410"]
[BlackElo "2165"]
[PlyCount "41"]
[EventDate "2017.03.07"]
[EventType "swiss (blitz)"]
[EventRounds "11"]
[EventCountry "USA"]
[SourceTitle "EXT 2021"]
[Source "ChessBase"]
[SourceDate "2020.10.23"]
[SourceVersion "1"]
[SourceVersionDate "2020.10.23"]
[SourceQuality "1"]

1. d4 Nf6 2. Bf4 g6 3. e3 Bg7 4. Nf3 0-0 5. Be2 d6 6. h3 b6 7. c3 Bb7 8. Nbd2 Nbd7 9. 0-0 Ne4 10. Nxe4 Bxe4 11. Nd2 Bb7 12. Bh2 Nf6 13. Bf3 Qc8 14. Bxb7 Qxb7 15. Re1 c5 16. Rc1 Rfc8 17. Qf3 Rab8 18. e4 cxd4 19. cxd4 Nd7 20. e5 dxe5 21. Qxb7 1-0

[Event "Titled Tuesday intern op 7th Febr"]
[Site "Chess.com INT"]
[Date "2017.02.07"]
[Round "4"]
[White "Tagelsir, Abubaker"]
[Black "Calicoca, Wilton Inacio"]
[Result "1/2-1/2"]
[WhiteElo "2219"]
[BlackElo "2165"]
[PlyCount "142"]
[EventDate "2017.02.07"]
[EventType "swiss (blitz)"]
[EventRounds "9"]
[EventCountry "USA"]
[SourceTitle "EXT 2021"]
[Source "ChessBase"]
[SourceDate "2020.10.23"]
[SourceVersion "1"]
[SourceVersionDate "2020.10.23"]
[SourceQuality "1"]

1. e4 c6 2. d4 d5 3. Nc3 dxe4 4. Nxe4 Nd7 5. Nf3 Ngf6 6. Nxf6+ Nxf6 7. Bd3 Bf5 8. 0-0 Bxd3 9. Qxd3 e6 10. Qb3 Qc7 11. Bg5 Be7 12. Bh4 0-0 13. Bg3 Bd6 14. Ne5 c5 15. Rfe1 cxd4 16. Rad1 Rfd8 17. Rxd4 Rac8 18. Rc4 Qb8 19. Rxc8 Rxc8 20. Nc4 Bxg3 21. hxg3 Qc7 22. Ne3 Rd8 23. Qb4 h5 24. c4 Rd4 25. b3 h4 26. Qc3 Re4 27. gxh4 Rxh4 28. g3 Re4 29. Ng2 Qc5 30. Rxe4 Qxf2+ 31. Kxf2 Nxe4+ 32. Ke3 Nxc3 33. a4 Kf8 34. Nf4 Ke7 35. Kd4 Na2 36. Nd3 f6 37. b4 e5+ 38. Ke3 b6 39. Kd2 e4 40. Nf2 f5 41. b5 Nb4 42. Kc3 a5 43. Nd1 Kd6 44. Ne3 Ke5 45. c5 bxc5 46. Nc4+ Kd5 47. Nxa5 g5 48. Nb3 f4 49. gxf4 gxf4 50. a5 e3 51. a6 Kd6 52. a7 Nd5+ 53. Kd3 Nb6 54. Ke2 c4 55. Nd4 Kc5 56. Ne6+ Kxb5 57. Nxf4 Ka6 58. Kxe3 Kxa7 59. Kd4 Ka6 60. Ne2 Kb5 61. Nc3+ Kb4 62. Ne4 Na4 63. Ke3 Nc3 64. Nd6 Nd5+ 65. Kd4 c3 66. Kd3 Nf4+ 67. Kc2 Ne2 68. Nf5 Kc4 69. Ne3+ Kb4 70. Nd5+ Kc4 71. Nxc3 Nxc3 1/2-1/2

[Event "Olympiad-42"]
[Site "Baku"]
[Date "2016.09.02"]
[Round "1.2"]
[White "Calicoca, Wilton Inacio"]
[Black "Abasov, Nijat Azad"]
[Result "0-1"]
[WhiteElo "2190"]
[BlackElo "2552"]
[PlyCount "120"]
[EventDate "2016.09.02"]
[EventType "team-swiss"]
[EventRounds "11"]
[EventCountry "AZE"]
[SourceTitle "CBM 175"]
[Source "ChessBase"]
[SourceDate "2016.11.10"]
[SourceVersion "1"]
[SourceVersionDate "2016.11.10"]
[SourceQuality "1"]
[WhiteTeam "Mozambique"]
[BlackTeam "Azerbaijan II"]
[WhiteTeamCountry "MOZ"]
[BlackTeamCountry "AZE"]

1. e4 Nf6 2. Nc3 d5 3. e5 d4 4. exf6 dxc3 5. fxg7 cxd2+ 6. Qxd2 Qxd2+ 7. Bxd2 Bxg7 8. 0-0-0 Nc6 9. Nf3 Bd7 10. Bd3 h6 11. Rhe1 0-0-0 12. h3 Rhg8 13. Bc4 e6 14. g4 a6 15. Bf4 b5 16. Bf1 f6 17. a4 e5 18. Be3 Ne7 19. axb5 axb5 20. c4 b4 21. Nd2 h5 22. Be2 hxg4 23. hxg4 Be8 24. Ne4 Bg6 25. Nc5 Nc6 26. Rxd8+ Rxd8 27. Ne6 Rd7 28. Nxg7 Rxg7 29. b3 Rh7 30. Bd1 Rh2 31. Bc5 e4 32. Bc2 Ne5 33. Bd4 Nxg4 34. Bxe4 Bxe4 35. Rxe4 Nxf2 36. Bxf2 Rxf2 37. c5 Rf5 38. Rc4 Kd7 39. c6+ Kd6 40. Kd2 Rb5 41. Kd3 Kd5 42. Ke3 Ke5 43. Re4+ Kd6 44. Rc4 Rb6 45. Kd3 Rxc6 46. Rxb4 Rb6 47. Rd4+ Ke5 48. Re4+ Kf5 49. b4 Rd6+ 50. Ke3 Re6 51. Rxe6 Kxe6 52. Ke4 Kd6 53. Kf5 Kc6 54. Kxf6 Kb5 55. Ke5 Kxb4 56. Kd4 c5+ 57. Kd3 Kb3 58. Kd2 c4 59. Kc1 Kc3 60. Kb1 Kd2 0-1

[Event "Titled Tuesday intern op 2nd Aug"]
[Site "Chess.com INT"]
[Date "2016.08.02"]
[Round "5"]
[White "Calicoca, Wilton Inacio"]
[Black "Aigner, Michael1111"]
[Result "0-1"]
[WhiteElo "2190"]
[BlackElo "2021"]
[PlyCount "102"]
[EventDate "2016.08.02"]
[EventType "swiss (blitz)"]
[EventRounds "9"]
[EventCountry "USA"]
[SourceTitle "EXT 2021"]
[Source "ChessBase"]
[SourceDate "2020.10.23"]
[SourceVersion "1"]
[SourceVersionDate "2020.10.23"]
[SourceQuality "1"]

1. d4 f5 2. Bg5 g6 3. Nc3 d5 4. h4 Bg7 5. e3 c6 6. h5 h6 7. Bf4 g5 8. Be5 Nf6 9. Bd3 0-0 10. Nge2 Nbd7 11. Bxf5 Nxe5 12. Bxc8 Qxc8 13. dxe5 Ng4 14. Qd2 Nxf2 15. Rf1 Ng4 16. 0-0-0 Qe6 17. e4 dxe4 18. Nxe4 Qxe5 19. N2c3 Nf6 20. Rfe1 Nxe4 21. Rxe4 Qf6 22. Qe2 e5 23. Rd7 Rf7 24. Qc4 Raf8 25. Rxb7 Kh8 26. Rxf7 Rxf7 27. b3 Rd7 28. Kb2 Qd6 29. Qe2 Rf7 30. Re3 Qc5 31. Ne4 Qd4+ 32. c3 Qd5 33. Rf3 Rf4 34. Re3 Kg8 35. Kc2 Kh8 36. Kb2 Qe6 37. Kc2 Qf5 38. Kb2 g4 39. Kc2 Qxh5 40. Kb2 Qf5 41. Kc2 h5 42. Kb2 Bh6 43. Qd3 Qg6 44. Qd8+ Kh7 45. Qd7+ Rf7 46. Qd3 Bxe3 47. Qxe3 Rf4 48. Qd3 Qxe4 49. Qd7+ Kg8 50. Qe6+ Rf7 51. Qe8+ Kg7 0-1

[Event "Titled Tuesday intern op 2nd Aug"]
[Site "Chess.com INT"]
[Date "2016.08.02"]
[Round "2"]
[White "Goldsby, AJ."]
[Black "Calicoca, Wilton Inacio"]
[Result "0-1"]
[WhiteElo "2023"]
[BlackElo "2190"]
[PlyCount "152"]
[EventDate "2016.08.02"]
[EventType "swiss (blitz)"]
[EventRounds "9"]
[EventCountry "USA"]
[SourceTitle "EXT 2021"]
[Source "ChessBase"]
[SourceDate "2020.10.23"]
[SourceVersion "1"]
[SourceVersionDate "2020.10.23"]
[SourceQuality "1"]

1. d4 d5 2. c4 e6 3. Nc3 c6 4. e4 dxe4 5. Nxe4 Bb4+ 6. Nc3 Nf6 7. Nf3 c5 8. Be3 0-0 9. h3 b6 10. Be2 Bb7 11. 0-0 Nbd7 12. Rc1 Rc8 13. Nb5 cxd4 14. Nfxd4 a6 15. Nc2 axb5 16. Nxb4 Qe7 17. a3 bxc4 18. Bxc4 Rfd8 19. Qe2 Nc5 20. Rcd1 h6 21. Rxd8+ Rxd8 22. Rd1 Rxd1+ 23. Qxd1 Qc7 24. Qe2 Kf8 25. f3 Na4 26. Bb5 Nc5 27. Nd3 Nxd3 28. Qxd3 Nd5 29. Bd2 Qg3 30. Ba6 Bxa6 31. Qxa6 Kg8 32. Qc8+ Kh7 33. Qc2+ g6 34. Qe4 Qc7 35. Kf1 Qc6 36. Qd3 Qc7 37. Qd4 Qh2 38. Be3 Qc7 39. Bd2 Qh2 40. Bc3 Qh1+ 41. Kf2 Nxc3 42. Qxc3 Qd1 43. Qe3 Qc2+ 44. Qe2 Qc5+ 45. Ke1 Qc1+ 46. Kf2 Qc5+ 47. Kg3 Kg7 48. f4 Qc1 49. Qf2 Qc6 50. Qd4+ Kh7 51. Qf6 Kg8 52. b4 Qd6 53. Qc3 g5 54. Qb3 Kh7 55. Qf3 Kg6 56. Qe4+ Kh5 57. Qf3+ Kg6 58. Qe4+ Kf6 59. Kf3 Qd1+ 60. Kg3 Qd6 61. Kf3 Qd1+ 62. Kg3 Qb3+ 63. Kh2 Qxa3 64. Qe5+ Kg6 65. fxg5 hxg5 66. Qe4+ Kh6 67. h4 Qc1 68. Qg4 Qf4+ 69. Qxf4 gxf4 70. Kh3 f5 71. g4 fxg3 72. Kxg3 Kh5 73. Kh3 e5 74. b5 f4 75. Kg2 Kxh4 76. Kf2 Kg4 0-1

[Event "Titled Tuesday intern op 5th Jan"]
[Site "Chess.com INT"]
[Date "2016.01.05"]
[Round "1"]
[White "Calicoca, Wilton Inacio"]
[Black "Gauri, Shankar"]
[Result "1-0"]
[WhiteElo "2190"]
[BlackElo "2341"]
[PlyCount "105"]
[EventDate "2016.01.05"]
[EventType "swiss (blitz)"]
[EventRounds "9"]
[EventCountry "USA"]
[SourceTitle "EXT 2021"]
[Source "ChessBase"]
[SourceDate "2020.10.23"]
[SourceVersion "1"]
[SourceVersionDate "2020.10.23"]
[SourceQuality "1"]

1. e4 c6 2. d4 d5 3. Nd2 dxe4 4. Nxe4 Bf5 5. Ng3 Bg6 6. Nf3 Nd7 7. h4 h6 8. h5 Bh7 9. Bc4 e6 10. 0-0 Ngf6 11. Re1 Be7 12. Bb3 0-0 13. c3 Qc7 14. Qe2 Nd5 15. Bd2 a5 16. a4 Qb6 17. Qd1 Bd6 18. Ne4 Bc7 19. c4 Nf4 20. c5 Qa6 21. Rc1 Nxh5 22. Bc4 Qa7 23. Ne5 Nhf6 24. Nxd7 Nxd7 25. Qf3 Rad8 26. Bc3 Bxe4 27. Rxe4 Nf6 28. Re2 Nd5 29. Rce1 Qb8 30. Qg4 Bf4 31. Re4 Bg5 32. R4e2 Qc7 33. Rf1 b6 34. f4 Bf6 35. f5 Nxc3 36. bxc3 bxc5 37. fxe6 fxe6 38. Rxe6 Kh8 39. Bd3 c4 40. Be4 Bg5 41. Rxf8+ Rxf8 42. g3 Qb8 43. Bc2 Qb2 44. Qe4 Qc1+ 45. Kh2 Rf2+ 46. Kh3 Qf1+ 47. Kg4 Kg8 48. Qh7+ Kf7 49. Qg6+ Kg8 50. Re8+ Rf8 51. Qh7+ Kf7 52. Bg6+ Kf6 53. Rxf8+ 1-0

[Event "Titled Tuesday intern op 5th Jan"]
[Site "Chess.com INT"]
[Date "2016.01.05"]
[Round "7"]
[White "Calicoca, Wilton Inacio"]
[Black "Petesch, Gabriel N"]
[Result "0-1"]
[WhiteElo "2190"]
[BlackElo "2260"]
[PlyCount "66"]
[EventDate "2016.01.05"]
[EventType "swiss (blitz)"]
[EventRounds "9"]
[EventCountry "USA"]
[SourceTitle "EXT 2021"]
[Source "ChessBase"]
[SourceDate "2020.10.23"]
[SourceVersion "1"]
[SourceVersionDate "2020.10.23"]
[SourceQuality "1"]

1. d4 d5 2. c4 Nf6 3. cxd5 Nxd5 4. Nf3 e6 5. e4 Bb4+ 6. Bd2 Bxd2+ 7. Qxd2 Nf6 8. Nc3 c5 9. d5 exd5 10. exd5 0-0 11. Be2 a6 12. a4 Qd6 13. 0-0 h6 14. Rad1 Bf5 15. Bd3 Bg4 16. Be4 Nbd7 17. h3 Bh5 18. Rfe1 Rab8 19. a5 b5 20. axb6 Rxb6 21. g4 Bg6 22. Bxg6 fxg6 23. Re6 Qb8 24. Na4 Rb3 25. Re3 Ne4 26. Qe2 Nxf2 27. Qxf2 Rxe3 28. Qxe3 Qg3+ 29. Kh1 Qxh3+ 30. Kg1 Qg3+ 31. Kh1 Rxf3 32. Qe6+ Kh7 33. g5 Rf2 0-1

[Event "Titled Tuesday intern op 5th Jan"]
[Site "Chess.com INT"]
[Date "2016.01.05"]
[Round "5"]
[White "Ehlvest, Jaan"]
[Black "Calicoca, Wilton Inacio"]
[Result "1-0"]
[WhiteElo "2524"]
[BlackElo "2190"]
[PlyCount "77"]
[EventDate "2016.01.05"]
[EventType "swiss (blitz)"]
[EventRounds "9"]
[EventCountry "USA"]
[SourceTitle "EXT 2021"]
[Source "ChessBase"]
[SourceDate "2020.10.23"]
[SourceVersion "1"]
[SourceVersionDate "2020.10.23"]
[SourceQuality "1"]

1. Nf3 c5 2. e4 Nc6 3. Bb5 Nf6 4. Nc3 g6 5. e5 Ng4 6. Bxc6 dxc6 7. h3 Nh6 8. g4 Bg7 9. d3 0-0 10. Bf4 f5 11. g5 Nf7 12. Qe2 Be6 13. h4 Bd5 14. Nxd5 Qxd5 15. c4 Qe6 16. h5 Rfd8 17. 0-0-0 b5 18. hxg6 hxg6 19. Kb1 a5 20. Qf1 bxc4 21. Qh3 cxd3 22. Qh7+ Kf8 23. Rh6 Bxh6 24. gxh6 c4 25. Nh4 Ke8 26. Nxg6 Kd7 27. Nh4 Rab8 28. Qxf5 Qxf5 29. Nxf5 Ke6 30. Ng7+ Kd5 31. e6 Nd6 32. Re1 Kc5 33. Re5+ Kb6 34. h7 Ka6 35. Rh5 a4 36. Bxd6 exd6 37. e7 c3 38. b3 axb3 39. exd8Q 1-0

[Event "Titled Tuesday intern op 5th Jan"]
[Site "Chess.com INT"]
[Date "2016.01.05"]
[Round "2"]
[White "Jackson, Bell"]
[Black "Calicoca, Wilton Inacio"]
[Result "0-1"]
[WhiteElo "2264"]
[BlackElo "2190"]
[PlyCount "56"]
[EventDate "2016.01.05"]
[EventType "swiss (blitz)"]
[EventRounds "9"]
[EventCountry "USA"]
[SourceTitle "EXT 2021"]
[Source "ChessBase"]
[SourceDate "2020.10.23"]
[SourceVersion "1"]
[SourceVersionDate "2020.10.23"]
[SourceQuality "1"]

1. e4 c5 2. Nf3 Nc6 3. d4 cxd4 4. c3 Nf6 5. e5 Nd5 6. cxd4 d6 7. Bc4 Nb6 8. Bb3 dxe5 9. d5 Na5 10. Nc3 Bg4 11. Bc2 e6 12. Ba4+ Ke7 13. b4 Nac4 14. Qe2 exd5 15. h3 Bxf3 16. Qxf3 f6 17. 0-0 Kf7 18. a3 Nxa4 19. Nxa4 Qd7 20. Nc3 e4 21. Qe2 Ne5 22. Rd1 Nd3 23. f3 f5 24. fxe4 dxe4 25. Bg5 Qd4+ 26. Kh2 Bd6+ 27. Kh1 Nf2+ 28. Kg1 Nxd1+ 0-1

[Event "Titled Tuesday intern op 5th Jan"]
[Site "Chess.com INT"]
[Date "2016.01.05"]
[Round "2"]
[White "Rychagov, Andrey"]
[Black "Calicoca, Wilton Inacio"]
[Result "1-0"]
[WhiteElo "2556"]
[BlackElo "2190"]
[PlyCount "51"]
[EventDate "2016.01.05"]
[EventType "swiss (blitz)"]
[EventRounds "9"]
[EventCountry "USA"]
[SourceTitle "EXT 2021"]
[Source "ChessBase"]
[SourceDate "2020.10.23"]
[SourceVersion "1"]
[SourceVersionDate "2020.10.23"]
[SourceQuality "1"]

1. d4 d5 2. c4 c6 3. Nf3 Nf6 4. Nc3 e6 5. e3 Bb4 6. Bd3 0-0 7. 0-0 Nbd7 8. Qc2 a6 9. Bd2 b6 10. Nxd5 cxd5 11. Bxb4 dxc4 12. Bxf8 cxd3 13. Qc6 Ra7 14. Bd6 Bb7 15. Qc1 Ne4 16. Bg3 a5 17. Rd1 Ba6 18. Qc6 Ndf6 19. Rac1 h6 20. Bc7 Qd5 21. Bxb6 Rb7 22. Bd8 Rxb2 23. Qxa6 Rxf2 24. Qxa5 Qd6 25. Bc7 Qd7 26. Rxd3 1-0

[Event "Titled Tuesday intern op 1st Dec"]
[Site "Chess.com INT"]
[Date "2015.12.01"]
[Round "2"]
[White "Protopopova, Anastasiya"]
[Black "Calicoca, Wilton Inacio"]
[Result "1-0"]
[WhiteElo "2160"]
[BlackElo "2190"]
[PlyCount "61"]
[EventDate "2015.12.01"]
[EventType "swiss (blitz)"]
[EventRounds "9"]
[EventCountry "USA"]
[SourceTitle "EXT 2021"]
[Source "ChessBase"]
[SourceDate "2020.10.23"]
[SourceVersion "1"]
[SourceVersionDate "2020.10.23"]
[SourceQuality "1"]

1. Nf3 d5 2. d4 c5 3. c4 dxc4 4. d5 e6 5. e4 exd5 6. exd5 Nf6 7. Nc3 Bd6 8. Bxc4 0-0 9. 0-0 a6 10. a4 Bg4 11. Bg5 h6 12. Bh4 Nbd7 13. Be2 Re8 14. h3 Bh5 15. Qd2 Qc7 16. Rad1 Ne4 17. Nxe4 Rxe4 18. Bg3 Bxg3 19. fxg3 Qxg3 20. a5 Rae8 21. Bd3 Re3 22. Qf2 Qxf2+ 23. Kxf2 Bxf3 24. gxf3 R3e5 25. f4 Re3 26. Bf5 Nf6 27. d6 Rb3 28. d7 Rxb2+ 29. Kf3 Rd8 30. Rfe1 Rb4 31. Re5 1-0

[Event "Titled Tuesday intern op 4th Aug"]
[Site "Chess.com INT"]
[Date "2015.08.04"]
[Round "1"]
[White "Bernotas, Arturs"]
[Black "Calicoca, Wilton Inacio"]
[Result "1-0"]
[WhiteElo "2292"]
[BlackElo "2190"]
[PlyCount "119"]
[EventDate "2015.08.04"]
[EventType "swiss (blitz)"]
[EventRounds "9"]
[EventCountry "USA"]
[SourceTitle "EXT 2021"]
[Source "ChessBase"]
[SourceDate "2020.10.23"]
[SourceVersion "1"]
[SourceVersionDate "2020.10.23"]
[SourceQuality "1"]

1. e4 c6 2. Nc3 d5 3. Qe2 d4 4. Nd1 e5 5. g3 Bd6 6. d3 Qc7 7. Bh3 Bxh3 8. Nxh3 Ne7 9. f4 f6 10. 0-0 Nd7 11. fxe5 Nxe5 12. Nf4 Qd7 13. Nf2 0-0-0 14. Qh5 g6 15. Qh3 Qxh3 16. N2xh3 Kd7 17. Bd2 Rhf8 18. Kg2 c5 19. b3 N7c6 20. Nd5 Be7 21. Bh6 Rf7 22. Rf2 Ke6 23. Raf1 g5 24. Nxe7 Kxe7 25. Nxg5 fxg5 26. Bxg5+ Ke6 27. Bxd8 Nxd8 28. Rxf7 Ndxf7 29. h3 b5 30. g4 c4 31. bxc4 bxc4 32. dxc4 Nxc4 33. Kg3 Nfd6 34. Kf4 Ne3 35. Rf2 Nb5 36. g5 a5 37. h4 a4 38. h5 Nd6 39. g6 hxg6 40. hxg6 Ne8 41. e5 Ng7 42. Ke4 Nef5 43. Rf4 Ng3+ 44. Kf3 N3h5 45. Rxd4 Kxe5 46. Rxa4 Nf5 47. Kg4 Nhg7 48. Kg5 Nd4 49. Ra5+ Kd6 50. Kh6 Ngf5+ 51. Kh7 Kc6 52. g7 Nxg7 53. Kxg7 Nxc2 54. Kf6 Kb6 55. Rh5 Nd4 56. Ke5 Nc6+ 57. Ke4 Nb4 58. a3 Nc2 59. a4 Nb4 60. Rb5+ 1-0